Представление документа в формате RUSMARC

ПолеНазваниеЗначение
  Тип записи a
  Библиографический уровень m
001 Контрольный номер RU/SLIB/B/208738997
005 Дата корректировки 20201206204049.1
010 Индекс ISBN __
d Цена 1-10
101 Язык документа __
a Язык текста rus
200 Заглавие и сведения об ответственности 1_
a Заглавие Теоретические основы электротехники
e Сведения, относящиеся к заглавию учеб. для техникумов
f Первые сведения об ответственности Буртаев Ю. В., Овсянников П. Н. ; под ред. М. Ю. Зайчика
b Общее обозначение материала Текст
210 Выходные данные __
a Место издания М.
c Издательство Энергоатомиздат
d Дата издания 1984
215 Физическое описание __
a Объем 592 с.
606 Тематические рубрики __
a Основная рубрика Энергетика
606 Тематические рубрики __
a Основная рубрика Теоретические основы электротехники
610 Ключевые слова __
a Ключевые слова электрическое поле; магнитное поле; электротехника; теоряи электротехники
686 Индексы других классификаций __
a Классификационный индекс 31.21я723; ст31.2я7
700 Автор __
a Фамилия Буртаев
b Имя Ю. В.
4 Код отношения 070
702 Вторичная интеллектуальная ответственность __
a Фамилия Овсянников
b Имя П. Н.
4 Код отношения Автор
801 Источник записи _0
a Страна RU
b Организация Муниципальное бюджетное учреждение культуры "Централизованная библиотечная система" г. Сургут (Центральная городская библиотека им. А. С. Пушкина)
g Правила каталогизации КиК/Лебедева
801 Источник записи _1
a Страна RU
b Организация Муниципальное бюджетное учреждение культуры "Централизованная библиотечная система" г. Сургут (Центральная городская библиотека им. А. С. Пушкина)
g Правила каталогизации КиК/Лебедева
852 Данные о местонахождении __
j Шифр хранения 31.21я723
c Каталожный индекс 31.21я723
i Авторский знак Б 91
p Инвентарный номер 26524
901 Тип документа __
t Тип документа m
969 Тип издания __
a Тип издания учебник
990 Данные о заказе (DOS) __
j Количество экземпляров (DOS) 1